000 01354nam a2200313 a 4500
001 000009338
005 20200929161547.0
008 090929s2000 dr d 000 0 spa d
020 _a9993480029
040 _aDO-SdBNP
_bspa
_cBNPHU
082 _a577.55
_bR436a
100 1 _aRestrepo M., José
_924090
245 1 0 _aAgroecología /
_cJosé Restrepo M., Diego Ivan Angel S., Martín Prager M.
260 _aSanto Domingo :
_bFundación Kellogg ;
_bCEDAF,
_c2000.
300 _a124 p. :
_bdiagr. ;
_c28 cm.
490 1 _aProyecto Ágora
500 _aIncluye datos biográficos de los autores
504 _aIncluye bibliografías
650 4 _aEcología agrícola
_zRepública Dominicana
_xProblemas, ejercícios, etc.
_924091
650 4 _aAgrosistemas
_zRepública Dominicana
_xProblemas, ejercícios, etc.
_924092
650 4 _aAgricultura
_xAspectos económicos
_zRepública Dominicana
_91508
650 4 _aAgricultura sostenible
_zRepública Dominicana
_xProblemas, ejercícios, etc.
_924093
650 4 _aPolítica agrícola
_zRepública Dominicana
_xProblemas, ejercícios, etc.
_924094
700 1 2 _aAngel S., Diego Ivan
_924095
700 1 2 _aPrager M., Martín
_924096
710 2 2 _aCentro para el Desarrollo Agropecuário y Forestal (República Dominicana)
_9130
830 0 _aProyecto Ágora
_916843
910 _aValidado. Control de calidad MFF
999 _c9098
_d9098